Don Alvaro de Bazán, primer marqués de Santa Cruz, en las Canarias / (Record no. 136281)

MARC details
000 -LEADER
campo de control de longitud fija 00736nam a2200193 4500
001 - NÚMERO DE CONTROL
campo de control 136281
003 - IDENTIFICADOR DE NÚMERO DE CONTROL
campo de control ES-MaACL
005 - FECHA Y HORA DE LA ÚLTIMA TRANSACCIÓN
campo de control 20250925063041.0
007 - CAMPO FIJO DE DESCRIPCIÓN FÍSICA--INFORMACIÓN GENERAL
campo de control de longitud fija t|
008 - DATOS DE LONGITUD FIJA--INFORMACIÓN GENERAL
campo de control de longitud fija 070214s1947 sp r ||||1| spa d
100 1# - ENTRADA PRINCIPAL--NOMBRE DE PERSONA
Nombre de persona Rumeu de Armas, Antonio,
Fechas asociadas al nombre 1912-2006
9 (RLIN) 100991
245 10 - MENCIÓN DEL TÍTULO
Título Don Alvaro de Bazán, primer marqués de Santa Cruz, en las Canarias /
Mención de responsabilidad, etc. por Antonio Rumeu de Armas.
260 ## - PUBLICACIÓN, DISTRIBUCIÓN, ETC.
Lugar de publicación, distribución, etc. La Laguna de Tenerife :
Nombre del editor, distribuidor, etc. [s. n.],
Fecha de publicación, distribución, etc. 1947.
300 ## - DESCRIPCIÓN FÍSICA
Extensión 14 p. :
Otras características físicas il. ;
Dimensiones 23 cm.
500 ## - NOTA GENERAL
Nota general Precede al tít.: Facultad de Filosofía y Letras de la Universidad de La Laguna.
710 2# - ENTRADA AGREGADA--NOMBRE DE ENTIDAD CORPORATIVA
Nombre de entidad corporativa o nombre de jurisdicción como elemento de entrada Universidad de La Laguna.
Unidad subordinada Facultad de Filosofía y Letras.
9 (RLIN) 7196
852 ## - LOCALIZACIÓN
Ubicación ES-MaACL
Número de control de estantería 1916-F-1
Sublocalización o colección R.30634
Holdings
Estatus retirado Estado de pérdida Estado de daño No para préstamo Colección Biblioteca de origen Biblioteca actual Ubicación en estantería Fecha de adquisición Fuente de adquisición Total de préstamos Signatura topográfica completa Código de barras Visto por última vez Precio de reemplazo Tipo de ítem Koha
        Colección de folletos Biblioteca del Ateneo de Madrid Biblioteca del Ateneo de Madrid Depósito folletos 17/01/2008     1916-F-1 1141833 23/02/2023 23/02/2023 Folleto